Sermones del Padre Carlos de la Rue, predicador de Luis XIV. Rey de Francis.

Detalles Bibliográficos
Formato: Libro
Publicado: Madrid 1781
Materias:
Colección:Banco de datos
Acervo:Biblioteca del Convento de San Pablo. Yuririahupándaro. Guanajuato
Descripción Física:t. III
Tema general:Homilética
Notas:Regular. 2H, 1, 18 (896 1H1). Ex libris manuscrito de Fr. Cristóbal Cano y otro de Fr. José León.
LEADER 00763nam a22001930004500
035 |a 38769 
036 |a 4410 
245 1 0 |a Sermones del Padre Carlos de la Rue, predicador de Luis XIV. Rey de Francis.  |c tr. Pedro Díaz de Guereñu 
260 |a Madrid  |b imp. Pedro Marín  |c 1781 
300 |a t. III 
500 |a Regular. 2H, 1, 18 (896 1H1). Ex libris manuscrito de Fr. Cristóbal Cano y otro de Fr. José León. 
650 1 0 |a Homilética 
949 |a CRG-CG 
959 |a Ex convento de San Pablo, Museo Regional de Yuririahpúndaro, Guanajuato  |b CCC9 
960 |a Convento San Pablo Yuririahpúndaro, Guanajuato  |b DD86 
961 |a Agustina  |b OA 
942 |c CRG-CY 
943 |g Biblioteca del Convento de San Pablo. Yuririahupándaro. Guanajuato 
999 |c 959435  |d 959435